000 00557nam a2200193Ia 4500
005 20250508150509.0
008 008 250505s9999 xx 000 0 eng d
037 _aTextual
040 _aFEDL
_beng
_cFEDL
041 _aeng
_2eng
084 _a304, GER
_qFEDL
100 _aGerth H.H.
_9756822
245 0 _aFrom max weber : Essays in sociology
260 _aLondon, UK
_bKegan Paul, Trench, Trubner and Co. Ltd
_c1947
300 _axi,490p
700 _a Mills C. Wright
_9756823
942 _cTEXL
_h304, GER
999 _c1323914
_d1323914